Entry Topical Term
Number of records used in: 10
001 - CONTROL NUMBER
003 - CONTROL NUMBER IDENTIFIER
005 - DATE AND TIME OF LATEST TRANSACTION
- control field:
20200514130056.0
008 - FIXED-LENGTH DATA ELEMENTS
- fixed length control field:
200428|| aca||babn | a|a d
040 ## - CATALOGING SOURCE
- Original cataloging agency:
OSt
150 ## - HEADING--TOPICAL TERM
- Topical term or geographic name entry element:
Natural sciences & mathematics
- Form subdivision:
Physics